000 00870cab a2200253 4500
001 ABS48017
008 090401t1993 xxu||||| |||| 00| 0 eng d
035 _a(Sirsi) u64459
041 _aeng
100 _aYoung, P.
245 _aOne man`s view: new opportunities for the PMA
260 _c1993
350 _a0
490 _aEstates Gazette
_v(9306) 13 February 1993, 83-86(2)
520 _aPresident of the Property Managers Association, the author identifies the property problems faced by retailers arising from a cyclical economy. Advocates an ongoing role for the Association.
650 _aOCCUPANCY COSTS
650 _aPROPERTY MANAGERS ASSOCIATION
650 _aRETAIL PROPERTY
650 _aRETAILERS
690 _aCOMMERCIAL PROPERTY-MANAGEMENT
690 _aPROPERTY-COMMERCIAL PROPERTY-RETAIL PROPERTY
942 _n0
948 _c04/03/1997
999 _c40152
_d40152